The successful herb gardener : Growing and using herbs - Quickly and easily

Gardado en:
Detalles Bibliográficos
Autor Principal: Roth, Sally
Formato: Libro
Idioma:Undetermined
Publicado: New York, NY Hearst Books 2001
Những chủ đề:
Các nhãn: Engadir etiqueta
Sen Etiquetas, Sexa o primeiro en etiquetar este rexistro!
Thư viện lưu trữ: Trung tâm Học liệu Trường Đại học Cần Thơ
LEADER 00551nam a2200205Ia 4500
001 CTU_128187
008 210402s9999 xx 000 0 und d
020 |c 166000 
082 |a 635.7 
082 |b R845 
100 |a Roth, Sally 
245 4 |a The successful herb gardener : 
245 0 |b Growing and using herbs - Quickly and easily 
245 0 |c Sally Roth 
260 |a New York, NY 
260 |b Hearst Books 
260 |c 2001 
650 |a Herb gardening,Herbs 
904 |i Minh 
980 |a Trung tâm Học liệu Trường Đại học Cần Thơ